Hand Book Of Aquaculture Engineering (Record no. 3724)

MARC details
000 -LEADER
fixed length control field 00388nam a22001457a 4500
008 - FIXED-LENGTH DATA ELEMENTS--GENERAL INFORMATION
fixed length control field 250602b |||||||| |||| 00| 0 eng d
020 ## - INTERNATIONAL STANDARD BOOK NUMBER
ISBN 9781915508171
100 ## - MAIN ENTRY--AUTHOR
Author Sampson calvin
245 ## - TITLE STATEMENT
Title Hand Book Of Aquaculture Engineering
260 ## - PUBLICATION, DISTRIBUTION, ETC. (IMPRINT)
Place of publication London
Name of publisher Brilliance Publication ltd
Date of publication 2023
300 ## - COLLATION
Pagination 273p
650 ## - TRACINGS
Main Subject Aquacultural Engineering
942 ## - ADDED ENTRY ELEMENTS (KOHA)
Item type Books
050 ## - LIBRARY OF CONGRESS CALL NUMBER
Classification number SH 137
Item number .S36
Holdings
Source of classification or shelving scheme Not for loan Permanent location Current location Date acquired Accession No. Full call number Barcode. Koha item type
Library of Congress Classification   Samuel Ogbemudia Main Library, University of Abuja Samuel Ogbemudia Main Library, University of Abuja 06/02/2025 2024/62323 SH 137 .S36 2025-2284 Books